000
00295nam a22001337a 4500
008
210602b ||||| |||| 00| 0 eng d
041
_a
eng
080
_a
616.12
082
_a
616.12
100
_a
7
101
_a
KARDIO
245
_a
Netter's Cardiology
_c
Marschall S. Runge
942
_2
udc
_c
BK
999
_c
57880
_d
57880